LEADER 01301nam 2200337Ia 450 001 996385246603316 005 20200824132227.0 035 $a(CKB)4940000000074157 035 $a(EEBO)2240898090 035 $a(OCoLC)ocm11920858e 035 $a(OCoLC)11920858 035 $a(EXLCZ)994940000000074157 100 $a19850415d1670 uy | 101 0 $aeng 135 $aurbn||||a|bb| 200 10$aMemorials of the method and manner of the proceedings in Parliament in passing bills$b[electronic resource] $etogether with several rules and customs, which by long and constant practice have obtained the name of Orders of the House : gathered by observation, and out of the journal books, from the time of Edward 6 /$fby H.S.E. C.P 210 $aLondon $c[s.n.]$d1670 215 $a[2], 116, [3] p 300 $aReproduction of original in Huntington Library. 300 $aTables of contents: p. [1]-[3] at end. 300 $aAttributed to Henry Scobell. cf. BM. 330 $aeebo-0113 700 $aScobell$b Henry$fd. 1660.$01004045 801 0$bEAA 801 1$bEAA 801 2$bm/c 801 2$bWaOLN 906 $aBOOK 912 $a996385246603316 996 $aMemorials of the method and manner of the proceedings in Parliament in passing bills$92379574 997 $aUNISA LEADER 01042nam a2200265 i 4500 001 991000480029707536 005 20020503181708.0 008 971217s1990 it ||| | ita 020 $a8815028374 035 $ab10083662-39ule_inst 035 $aLE02516798$9ExL 040 $aFac. Economia$bita 082 0 $a330.9450925 100 1 $aFortis, Marco$039801 245 10$aDinamiche settoriali e indicatori di sviluppo :$bl'economia italiana dal 1950 al 1990 /$cMarco Fortis 260 $aBologna :$bIl mulino,$cc1990 300 $a110 p. ;$c22 cm. 440 3$aIl Mulino.$pRicerca 651 4$aItalia$xEconomia$y1950-1990 907 $a.b10083662$b28-01-15$c27-06-02 912 $a991000480029707536 945 $aLE025 ECO 330 FOR01.01$g1$i2025000036017$lle025$nLun 31 Ago 2009: Sollecito rientrato il Lun 31 Ago 2009 per .p1022875$o-$pE0.00$q-$rl$sz $t0$u4$v2$w4$x0$y.i10095950$z27-06-02 996 $aDinamiche settoriali e indicatori di sviluppo$9195793 997 $aUNISALENTO 998 $ale025$b01-01-97$cm$da $e-$fita$git $h0$i1